00688nam a22002057a 45000010005000000030009000050050017000140080041000310200015000720400038000870820017001251000025001422450136001672600060003033000025003635000021003886500025004096500026004347000022004609380BD-DhUAP20210111145246.0210111s2003 mas |||| |||| 001 0 eng d a1578519314 aBD-DhUAPbEngcBD-DhUAPdBD-DhUAP 223a658 DAV  aDavenport, Thomas H. aWhat's the big idea? : bcreating and capitalizing on the best new management thinking / cThomas H. Davenport and Laurence Prusak. aBoston, Mass :bHarvard Business School Press, cc2004. a242 pages ;c23 cm.  aIncludes index.  aSuccess in business. aKnowledge management. aPrusak, Laurence.